00245 a2200109 4500001000700000020000600007040001100013100002300024240004200047245003700089362000900126170083 a  cMagnum aDocampo, Xabier P.10aAdelaida, hector y demas familialESP10aAdelaida, hector y demas familia0 a1899